000 00608nam a2200241Ia 4500
003 OSt
005 20220924151031.0
006 a|||||r|||| 00| 0
007 ta
008 220923b |||||||| |||| 00| 0 tel d
020 _c7.00
024 _a335670
037 _cTextual
040 _aARTS
_cARTS
_btel
041 _2tel
_atel
082 _aO35,3NJA8,1, M0
100 _aJhansi Lakshmi Yelamanchili
_9223411
245 0 _aVeduru podalu nendinohi
260 _c1980
650 _aTELUGU FICTION
942 _hO35,3NJA8,1, M0
_cTEXL
_2CC
999 _c465297
_d465297